A nova visô da jurisprudn̊cia trabalhista Comentr̀ios s̉ recentes alteraė̳s das sm︢ulas do TST /

Detalles Bibliográficos
Autor principal: Carvalho Bifano Muniz, Mirella Karen De
Formato: eBook
Lenguaje:portugués
Publicado: San Pablo: LTR, 2017
Materias:
Acceso en línea:Acceso restringido

MARC

LEADER 00000nam a22000007a 4500
005 20180503014024.0
007 cr|||| ||||
008 180503s2017 br |||||s|||| 00||0 por d
020 |a 978-85-361- 9315-1 
035 |a 21573 
040 |a vLex 
090 |c 7894  |d 7894 
100 1 |a Carvalho Bifano Muniz, Mirella Karen De 
245 1 1 |a A nova visô da jurisprudn̊cia trabalhista  |h [Recurso electrn̤ico] :  |b Comentr̀ios s̉ recentes alteraė̳s das sm︢ulas do TST /  |c Mirella Karen De Carvalho Bifano Muniz 
256 |a Servicio en ln̕ea 
260 |a San Pablo:  |b LTR,  |c 2017 
300 |a 1 recurso electrn̤ico 
500 |a Ainda que nô possam ser consideradas leis, as jurisprudn̊cias sô dispositivos que ganham forȧ e se apresentam como se fossem, em especial na r̀ea trabalhista, j ̀que estes preceitos se tornam de observaȯ̂ obrigatr̤ia s̉ lides ao regulamentarem direitos. O Tribunal Superior do Trabalho com sua funȯ̂ de uniformizar seus julgados obriga o profissional do Direito a se manter sempre atualizado e o presente trabalho se presta a esta necessidade. Com artigos diretos e linguagem bastante objetiva, os autores apresentam as l︢timas alteraė̳s jurisprudenciais, revisitando temas fundamentais, formando um material imprescindv̕el para aqueles que militam na r̀ea trabalhista, bem como para os estudantes que querem se manter atualizados. 
506 1 |a Disponible solo en los productos indicados  |d vLex Global  |d vLex Global (Academic Edition, excluding Law Schools)  |d vLex Global (U.S. Academic Edition, Law Schools)  |d vLex Global (U.S. Academic Edition, excluding Law Schools)  |d vLex Global (Academic Edition, Law Schools) 
650 0 4 |a Derecho Laboral y Seguridad Social  |z Brasil 
740 0 |a vLex Libros (Servicio en ln̕ea) 
856 4 0 |u http://vlex.com/source/a-nova-vis-o-da-jurisprud-ncia-trabalhista-comentarios-as-recentes-altera-es-das-sumulas-do-tst-21573  |z Acceso restringido 
942 |c BOOK 
999 0 |a Labor law and social security